000 00766 a2200193 4500
003 NUST
005 20251218132146.0
040 _cNust
082 _a621.382,NAW
100 _aNawaz, Muhammad Sabir Sultan (TCC-22)
_9132434
245 _aFront End For C Band Conical Beam Radars /
_cMuhammad Sabir Sultan Nawaz, Ayesha Riaz and Hassan Aziz TCC-22
260 _aRawalpidi
_bMCS (NUST)
_c2014
300 _ax, 55 p.;
505 _aIntroduction (Page-1), Literature Review (Page-6), Design and Development (Page-20), project Analysis and Evaluation (Page-32), Electronic Beam Steering (Page-43), Bibliography (Page-51).
650 _aUG Projects
_998716
651 _aTCC-22
_9131223
700 _aSupervised by asst Prof Zeeshan Zahid
_9132190
942 _cPR
_2ddc
999 _c212209
_d212209